000
00341nam a2200145Ia 4500
003
OSt
005
20240102100226.0
008
170523s9999 xx 000 0 und d
020
_a
8121907985
040
_c
iimt university meerut
100
_a
MOHAN- K
245
0
_a
GENERAL KNOWLEDGE DIGEST
260
_b
SULTAN CHAND COMP
942
_2
ddc
_c
02
999
_c
571
_d
571